Экологические основы охраны и рационального использования природных ресурсов (Запись № 11370262)

Подробности
000 -МАРКЕР
контрольное поле 02091nam0a2200361 i 4500
001 - ИДЕНТИФИКАТОР ЗАПИСИ
контрольное поле RU\NLR\BIBL_A\011091530
005 - ИДЕНТИФИКАТОР ВЕРСИИ
контрольное поле 20260405090010.0
010 ## - МЕЖДУНАРОДНЫЙ СТАНДАРТНЫЙ НОМЕР КНИГИ (ISBN)
Номер (ISBN) 9785802125908
Тираж 30
021 ## - НОМЕР ГОСУДАРСТВЕННОЙ РЕГИСТРАЦИИ
Код страны российская федерация
Номер 2016-18935
Номер Листа государственной регистраци 1218
035 ## - ДРУГИЕ СИСТЕМНЫЕ НОМЕРА
Идентификатор записи (NILC)RuMoRGB-008240628
035 ## - ДРУГИЕ СИСТЕМНЫЕ НОМЕРА
Идентификатор записи (NLR Aleph) 011091530
100 ## - ДАННЫЕ ОБЩЕЙ ОБРАБОТКИ
Данные общей обработки 20160330d2015 um y0rusy50 ca
101 0# - ЯЗЫК РЕСУРСА
Язык текста, звукозаписи и т.д. русский
102 ## - СТРАНА ПУБЛИКАЦИИ ИЛИ ПРОИЗВОДСТВА
Страна публикации российская федерация
105 ## - ПОЛЕ КОДИРОВАННЫХ ДАННЫХ: ТЕКСТОВЫЕ МАТЕРИАЛЫ, МОНОГРАФИЧЕСКИЕ
Кодированные данные о монографическом текстовом документе y|||z||||01yy
200 1# - ЗАГЛАВИЕ И СВЕДЕНИЯ ОБ ОТВЕТСТВЕННОСТИ
Основное заглавие Экологические основы охраны и рационального использования природных ресурсов
Сведения, относящиеся к заглавию учебное пособие для студентов эколого-биологического факультета
Первые сведения об ответственности Э. В. Ивантер, В. В. Горбач, А. М. Макаров, Е. А. Моисеева
Последующие сведения об ответственности М-во образования и науки Российской Федерации, Федеральное гос. бюджетное образовательное учреждение высш. проф. образования Петрозаводский гос. ун-т
210 ## - ПУБЛИКАЦИЯ, РАСПРОСТРАНЕНИЕ И ДР.
Место издания, распространения и т.д. Петрозаводск
Имя издателя, распространителя и т. д. Изд-во ПетрГУ
Дата издания, распространения и т.д. 2015
215 ## - ФИЗИЧЕСКАЯ ХАРАКТЕРИСТИКА
Специфическое обозначение материала и объем 46 с.
Размеры 20
320 ## - ПРИМЕЧАНИЯ О НАЛИЧИИ В ДОКУМЕНТЕ БИБЛИОГРАФИИ / УКАЗАТЕЛЯ
Текст примечания Библиогр.: с. 45
606 1# - НАИМЕНОВАНИЕ ТЕМЫ КАК ПРЕДМЕТ
Наименование темы Окружающая среда
Формальный подзаголовок Учебные издания для высших учебных заведений
Тематический подзаголовок Охрана
-- Экологические исследования
Системный номер авторитетной/нормативной записи 1783260
Идентификатор авторитетной/нормативной записи RU\NLR\AUTH\66801789
675 ## - УНИВЕРСАЛЬНАЯ ДЕСЯТИЧНАЯ КЛАССИФИКАЦИЯ (UDC/УДК)
Индекс 574
686 1# - ИНДЕКСЫ ДРУГИХ КЛАССИФИКАЦИЙ
Индекс Б1я731
701 #1 - ИМЯ ЛИЦА - АЛЬТЕРНАТИВНАЯ ОТВЕТСТВЕННОСТЬ
Начальный элемент ввода Ивантер
Часть имени, кроме начального элемента ввода Э. В.
Даты 1935-
Расширение инициалов личного имени Эрнест Викторович
701 #1 - ИМЯ ЛИЦА - АЛЬТЕРНАТИВНАЯ ОТВЕТСТВЕННОСТЬ
Начальный элемент ввода Горбач
Часть имени, кроме начального элемента ввода В. В.
Расширение инициалов личного имени Вячеслав Васильевич
701 #1 - ИМЯ ЛИЦА - АЛЬТЕРНАТИВНАЯ ОТВЕТСТВЕННОСТЬ
Графика поля Кириллица
Материалы, к которым относится поле rus
Начальный элемент ввода Макаров
Часть имени, кроме начального элемента ввода А. М.
Дополнения к именам, кроме дат д-р биол. наук, экология
Даты 1958-
Расширение инициалов личного имени Александр Михайлович
Идентификатор авторитетной/нормативной записи RU\NLR\AUTH\7731803
Системный номер авторитетной/нормативной записи 14813
701 #1 - ИМЯ ЛИЦА - АЛЬТЕРНАТИВНАЯ ОТВЕТСТВЕННОСТЬ
Начальный элемент ввода Моисеева
Часть имени, кроме начального элемента ввода Е. А.
Расширение инициалов личного имени Елена Анатольевна
801 #0 - ИСТОЧНИК ЗАПИСИ
Страна российская федерация
Организация РГБ
Дата составления 20160311
Правила каталогизации RCR
801 #1 - ИСТОЧНИК ЗАПИСИ
Страна российская федерация
Организация РГБ
Дата составления 20160311
Источник данных rusmarc
942 ## - ДОПОЛНИТЕЛЬНЫЕ ЭЛЕМЕНТЫ ЗАПИСИ (АБИС)
Тип экземпляра АБИС Книга
980 ## - КОЛЛЕКЦИЯ
Название коллекции НБР

Нет доступных экземпляров.